Peek-a-boo, Lizzy Lou ! : (Record no. 4031)

MARC details
000 -LEADER
fixed length control field 01276nam a22002417a 4500
001 - CONTROL NUMBER
control field 4031
003 - CONTROL NUMBER IDENTIFIER
control field FISKH
005 - DATE AND TIME OF LATEST TRANSACTION
control field 20240531153021.0
008 - FIXED-LENGTH DATA ELEMENTS--GENERAL INFORMATION
fixed length control field 240531b cb ||||| |||| 00| 0 eng d
020 ## - INTERNATIONAL STANDARD BOOK NUMBER
International Standard Book Number 9780761109488
040 ## - CATALOGING SOURCE
Original cataloging agency FISKH
Language of cataloging eng
Transcribing agency FISKH
Modifying agency FISKH
100 ## - MAIN ENTRY--PERSONAL NAME
Personal name Attinello, Lauren
Relator term author
245 ## - TITLE STATEMENT
Title Peek-a-boo, Lizzy Lou ! :
Remainder of title A Playtime Book and Muppet Puppet /
Statement of responsibility, etc. by Lauren Attinello
260 ## - PUBLICATION, DISTRIBUTION, ETC.
Place of publication, distribution, etc. New York :
Name of publisher, distributor, etc. Workman Publishing ;
Date of publication, distribution, etc. 1997
300 ## - PHYSICAL DESCRIPTION
Extent 14 unnumbered pages :
Other physical details color illustrations ;
Dimensions 16 cm .
505 ## - FORMATTED CONTENTS NOTE
Formatted contents note D <br/>
520 ## - SUMMARY, ETC.
Summary, etc. Here comes Lizzy Lou, a new Muppet puppet from Jim Henson Productions. With a 16-page, full-color board book, Peek-a-Boo, Lizzy Lou! is a bouncy tale for curious toddlers. From bedroom to dining room, Lizzy Lou finds her friends everywhere in delightful rhymes. With plush the color of lemon cream pie, a nest of bright green curls, and googly eyes with long lashes, Lizzy Lou is one adorable Muppet puppet, sized to fit an adult's hand. Suitable for ages 6 months and up. Illustrations by Lauren Attinello and puppet by Rollie Krewson. 65,000 copies in print.
521 8# - TARGET AUDIENCE NOTE
Target audience note 160 <br/>
Source Lexile estimate <br/>
521 8# - TARGET AUDIENCE NOTE
Target audience note D <br/>
Source Raz-Plus <br/>
650 ## - SUBJECT ADDED ENTRY--TOPICAL TERM
Topical term or geographic name entry element Muppets
Form subdivision Fiction
942 ## - ADDED ENTRY ELEMENTS (KOHA)
Source of classification or shelving scheme Dewey Decimal Classification
Koha item type Books
Suppress in OPAC No
Holdings
Withdrawn status Lost status Source of classification or shelving scheme Damaged status Not for loan Collection Home library Current library Shelving location Date acquired Total Checkouts Full call number Barcode Date last seen Date last checked out Price effective from Koha item type
    Dewey Decimal Classification     Fiction Footprints International School Library Network Toul Kork Campus Footprints International School Library Network Toul Kork Campus   05/31/2024 1 ATT Fic FISBK07093 09/15/2025 09/04/2025 05/31/2024 Books